[Event "Helsingor Xtracon op"]
[Site "Helsingor"]
[Date "2017.07.24"]
[Round "4"]
[White "Brondum, Eric"]
[Black "Jaksland, Tim"]
[Result "0-1"]
[WhiteElo "2040"]
[BlackElo "2227"]
[PlyCount "94"]
[EventDate "2017.07.22"]
[EventType "swiss"]
[EventRounds "10"]
[EventCountry "DEN"]
[SourceTitle "CBM 179 Extra"]
[Source "ChessBase"]
[SourceDate "2017.08.23"]
[SourceVersion "1"]
[SourceVersionDate "2017.08.23"]
[SourceQuality "1"]

1. Nf3 Nf6 2. g3 g6 3. b3 Bg7 4. Bb2 0-0 5. Bg2 c5 6. 0-0 Nc6 7. d3 d6 8. Nbd2 Rb8 9. e4 b5 10. a4 a6 11. axb5 axb5 12. Re1 Qb6 13. Rb1 e5 14. h3 Be6 15. Nf1 h6 16. Ne3 Nd4 17. Nd2 Nh7 18. c3 Nc6 19. Kh2 Qd8 20. Ra1 h5 21. Nd5 h4 22. Ra6 hxg3+ 23. fxg3 Ne7 24. Nxe7+ Qxe7 25. Qe2 Ra8 26. Rea1 Rxa6 27. Rxa6 Bh6 28. c4 b4 29. Bc1 Rd8 30. Qd1 Qb7 31. Ra1 Ra8 32. Rxa8+ Qxa8 33. Qc2 Qa1 34. Nb1 Bxc1 35. Qxc1 Nf6 36. Qc2 Nd7 37. h4 Nb8 38. h5 Nc6 39. hxg6 fxg6 40. Bh3 Bxh3 41. Kxh3 Kg7 42. Kg2 Nd4 43. Qd1 Qb2+ 44. Nd2 Qc3 45. Nf3 Qxb3 46. Qf1 Nxf3 47. Qxf3 Qa2+ 0-1

[Event "Politiken Cup 36th"]
[Site "Helsingor"]
[Date "2014.07.29"]
[Round "10"]
[White "Brondum, Eric"]
[Black "Andersen, Daniel"]
[Result "1-0"]
[WhiteElo "2119"]
[BlackElo "1967"]
[PlyCount "57"]
[EventDate "2014.07.21"]
[EventType "swiss"]
[EventRounds "10"]
[EventCountry "DEN"]
[SourceTitle "CBM 161 Extra"]
[Source "ChessBase"]
[SourceDate "2014.08.29"]
[SourceVersion "1"]
[SourceVersionDate "2014.08.29"]
[SourceQuality "1"]

1. Nf3 e6 2. g3 f5 3. Bg2 Nf6 4. 0-0 c6 5. b3 Be7 6. Bb2 0-0 7. c4 d5 8. d3 b6 9. Nbd2 Bb7 10. Ne5 Nbd7 11. Ndf3 c5 12. e3 Bd6 13. Qe2 Qc7 14. Nxd7 Qxd7 15. Ne5 Qc7 16. f4 dxc4 17. dxc4 Bxg2 18. Qxg2 Nd7 19. Nxd7 Qxd7 20. e4 Be7 21. Rad1 Qc7 22. Qe2 Rfd8 23. exf5 exf5 24. Qe6+ Kh8 25. Qf7 Rg8 26. Rfe1 Bd6 27. Qxc7 Bxc7 28. Re7 Bb8 29. Rdd7 1-0

[Event "Copenhagen Obro New Year op"]
[Site "Copenhagen"]
[Date "2012.12.29"]
[Round "5"]
[White "Christensen, Christian Winther"]
[Black "Brondum, Eric"]
[Result "1/2-1/2"]
[WhiteElo "2042"]
[BlackElo "2127"]
[PlyCount "86"]
[EventDate "2012.12.27"]
[EventType "swiss"]
[EventRounds "7"]
[EventCountry "DEN"]
[SourceTitle "CBM 152 Extra"]
[Source "ChessBase"]
[SourceDate "2013.02.25"]
[SourceVersion "1"]
[SourceVersionDate "2013.02.25"]
[SourceQuality "1"]

1. Nf3 Nf6 2. c4 g6 3. g3 Bg7 4. Bg2 0-0 5. 0-0 d6 6. d4 Nbd7 7. Nc3 e5 8. Qc2 c6 9. Rd1 Qe7 10. e4 exd4 11. Nxd4 a5 12. b3 Nc5 13. Ba3 Re8 14. f3 Nfd7 15. Kh1 h5 16. Nde2 h4 17. Qd2 Bf8 18. f4 Nf6 19. Bxc5 dxc5 20. e5 Ng4 21. Ne4 Bf5 22. N2c3 hxg3 23. hxg3 f6 24. Nxf6+ Nxf6 25. exf6 Qxf6 26. Rac1 Rad8 27. Qf2 Rxd1+ 28. Nxd1 Qh8+ 29. Kg1 Bg7 30. Qd2 Bd4+ 31. Nf2 Be3 32. Re1 Qd4 33. Qxd4 cxd4 34. Bf3 Bc2 35. Kg2 Kf8 36. Nd1 Bd2 37. Rxe8+ Kxe8 38. Nf2 Bb1 39. Be4 Bxa2 40. Bxg6+ Ke7 41. Bc2 a4 42. bxa4 Bxc4 43. Kf3 Be3 1/2-1/2

[Event "Copenhagen-ch Obro 75th"]
[Site "Copenhagen"]
[Date "2011.10.17"]
[Round "4"]
[White "Brondum, Eric"]
[Black "Taylor, Graham C"]
[Result "1/2-1/2"]
[WhiteElo "2140"]
[BlackElo "2025"]
[PlyCount "77"]
[EventDate "2011.10.14"]
[EventType "swiss"]
[EventRounds "9"]
[EventCountry "DEN"]
[SourceTitle "EXT 2018"]
[Source "ChessBase"]
[SourceDate "2017.10.13"]
[SourceVersion "1"]
[SourceVersionDate "2017.10.13"]
[SourceQuality "1"]

1. Nf3 Nf6 2. g3 d5 3. Bg2 c5 4. b3 Nc6 5. Bb2 Bg4 6. h3 Bh5 7. d3 e6 8. Nbd2 Qc7 9. 0-0 Be7 10. a3 0-0 11. e4 d4 12. g4 Bg6 13. Nh4 e5 14. Nf5 h5 15. Re1 hxg4 16. hxg4 Nh7 17. Nf1 Ng5 18. N1g3 Ne6 19. Kh2 Bg5 20. Rh1 Bf4 21. Kg1 Bxg3 22. fxg3 b5 23. Qd2 f6 24. Rf1 c4 25. Bc1 cxb3 26. cxb3 Rac8 27. b4 a5 28. bxa5 Nxa5 29. Qb4 Nc5 30. Bd2 Nab3 31. Rb1 Nxd2 32. Qxd2 Bxf5 33. exf5 e4 34. Qf4 Qxf4 35. gxf4 Nxd3 36. Bxe4 Nxf4 37. Rf1 Ne2+ 38. Kf2 Nc3 39. Bd3 1/2-1/2

[Event "Politiken Cup 33rd"]
[Site "Helsingor"]
[Date "2011.08.06"]
[Round "9"]
[White "Brondum, Eric"]
[Black "Korley, Kassa"]
[Result "0-1"]
[WhiteElo "2112"]
[BlackElo "2326"]
[PlyCount "80"]
[EventDate "2011.07.30"]
[EventType "swiss"]
[EventRounds "10"]
[EventCountry "DEN"]
[SourceTitle "CBM 143 Extra"]
[Source "ChessBase"]
[SourceDate "2011.08.29"]
[SourceVersion "1"]
[SourceVersionDate "2011.08.29"]
[SourceQuality "1"]

1. Nf3 Nf6 2. g3 g6 3. Bg2 Bg7 4. 0-0 0-0 5. d3 d5 6. Nbd2 c6 7. e4 dxe4 8. Nxe4 Nbd7 9. Qe2 Nxe4 10. dxe4 Nc5 11. Rd1 Qc7 12. c3 b6 13. Qc2 e5 14. Be3 Nb7 15. h3 Nd6 16. a4 c5 17. Qd3 Rd8 18. Qc2 Bb7 19. Nd2 a5 20. Qb3 Ba6 21. Bf1 Bxf1 22. Rxf1 Qc6 23. f3 Rd7 24. Nc4 Nxc4 25. Qxc4 Rad8 26. Qe2 c4 27. Rfd1 Bf8 28. Rxd7 Qxd7 29. g4 b5 30. axb5 Qxb5 31. Re1 Rd3 32. Kh1 a4 33. Qc2 Qb3 34. Qxb3 cxb3 35. Kg2 a3 36. bxa3 Rxc3 37. a4 b2 38. Kf2 Rc2+ 39. Kf1 Bb4 40. Rd1 f6 0-1

[Event "Copenhagen Challenge"]
[Site "Ballerup"]
[Date "2011.05.21"]
[Round "6"]
[White "Olsen, Peter Erik"]
[Black "Brondum, Eric"]
[Result "1-0"]
[WhiteElo "2241"]
[BlackElo "2116"]
[PlyCount "89"]
[EventDate "2011.05.18"]
[EventType "swiss"]
[EventRounds "9"]
[EventCountry "DEN"]
[SourceTitle "EXT 2018"]
[Source "ChessBase"]
[SourceDate "2017.10.13"]
[SourceVersion "1"]
[SourceVersionDate "2017.10.13"]
[SourceQuality "1"]

1. d4 Nf6 2. c4 e5 3. dxe5 Ng4 4. Bf4 Nc6 5. Nf3 Bb4+ 6. Nbd2 Qe7 7. a3 Ngxe5 8. Nxe5 Nxe5 9. e3 Bxd2+ 10. Qxd2 d6 11. Be2 b6 12. 0-0 Bb7 13. b4 0-0-0 14. Qc2 Kb8 15. c5 g5 16. Bxe5 dxe5 17. a4 Qe6 18. Rfd1 f5 19. b5 Be4 20. Qc3 Qe7 21. c6 f4 22. Bg4 h5 23. Bd7 f3 24. a5 Qc5 25. Qb2 Qc2 26. Qxc2 Bxc2 27. Rdc1 Be4 28. axb6 axb6 29. Ra4 Rxd7 30. Rca1 Rd1+ 31. Rxd1 Bc2 32. Raa1 Bxd1 33. Rxd1 g4 34. Rd5 Re8 35. h3 fxg2 36. Kxg2 gxh3+ 37. Kxh3 Rf8 38. Kg3 h4+ 39. Kxh4 Rxf2 40. Rxe5 Ka7 41. Kg3 Rf1 42. Kg4 Rg1+ 43. Kf5 Rh1 44. e4 Rh6 45. Rd5 1-0

[Event "Valby K41 Spring-B"]
[Site "Valby"]
[Date "2011.04.26"]
[Round "5"]
[White "Skou, Niels"]
[Black "Brondum, Eric"]
[Result "1/2-1/2"]
[WhiteElo "1927"]
[BlackElo "2033"]
[PlyCount "53"]
[EventDate "2011.03.15"]
[EventType "tourn"]
[EventRounds "7"]
[EventCountry "DEN"]
[SourceTitle "EXT 2023"]
[Source "ChessBase"]
[SourceDate "2022.10.05"]
[SourceVersion "1"]
[SourceVersionDate "2022.10.05"]
[SourceQuality "1"]

1. d4 g6 2. c4 Bg7 3. Nc3 d6 4. Nf3 Nf6 5. e4 0-0 6. Be2 e5 7. 0-0 Nc6 8. Bg5 h6 9. Bh4 exd4 10. Nxd4 Nxd4 11. Qxd4 g5 12. Bg3 Nh5 13. Qd3 Nxg3 14. hxg3 f5 15. Rad1 fxe4 16. Qxe4 Re8 17. Qd3 Be6 18. Bh5 Rf8 19. b3 Bf5 20. Qe3 c6 21. g4 Bh7 22. Qe6+ Kh8 23. Rxd6 Qf6 24. Nd1 Rad8 25. Qxf6 Bxf6 26. Rxd8 Rxd8 27. Re1 1/2-1/2

[Event "Valby K41 Aabent-ch 1011"]
[Site "Valby"]
[Date "2011.01.04"]
[Round "5"]
[White "Nielsen, John Holm"]
[Black "Brondum, Eric"]
[Result "1/2-1/2"]
[WhiteElo "2019"]
[BlackElo "2028"]
[PlyCount "38"]
[EventDate "2010.11.03"]
[EventType "swiss"]
[EventRounds "10"]
[EventCountry "DEN"]
[SourceTitle "EXT 2023"]
[Source "ChessBase"]
[SourceDate "2022.10.05"]
[SourceVersion "1"]
[SourceVersionDate "2022.10.05"]
[SourceQuality "1"]

1. Nc3 c5 2. Nf3 d6 3. d4 cxd4 4. Nxd4 Nf6 5. e4 g6 6. Be2 Bg7 7. Be3 0-0 8. 0-0 Nc6 9. h3 Bd7 10. Qd2 Rc8 11. Rac1 a6 12. a4 Nxd4 13. Bxd4 Bc6 14. Bf3 Qc7 15. Qe3 Nd7 16. Bxg7 Kxg7 17. Nd5 Bxd5 18. exd5 Nf6 19. Rfd1 Rfe8 1/2-1/2

[Event "Borup op 5th"]
[Site "Borup"]
[Date "2010.09.11"]
[Round "8"]
[White "Molvig, Julius"]
[Black "Brondum, Eric"]
[Result "1/2-1/2"]
[WhiteElo "1801"]
[BlackElo "2105"]
[PlyCount "121"]
[EventDate "2010.09.03"]
[EventType "swiss"]
[EventRounds "9"]
[EventCountry "DEN"]
[SourceTitle "CBM 138 Extra"]
[Source "ChessBase"]
[SourceDate "2010.10.29"]
[SourceVersion "1"]
[SourceVersionDate "2010.10.29"]
[SourceQuality "1"]

1. d4 Nf6 2. c4 e5 3. dxe5 Ng4 4. Nf3 Bc5 5. e3 Nc6 6. Nc3 Ngxe5 7. Be2 d6 8. 0-0 0-0 9. b3 Re8 10. Bb2 Nxf3+ 11. Bxf3 Ne5 12. Be2 Bd7 13. Qc2 Qh4 14. Nd5 Bb6 15. Qc3 f6 16. b4 Bg4 17. Bxg4 Nxg4 18. h3 Ne5 19. c5 dxc5 20. bxc5 c6 21. Nxb6 axb6 22. Qb3+ Kh8 23. Qxb6 Nd7 24. Qxb7 Nxc5 25. Qxc6 Rac8 26. Qf3 Ne4 27. Qe2 h6 28. Rac1 Ra8 29. Bd4 Ng3 30. fxg3 Qxd4 31. Rf3 Qa7 32. Rc2 Re4 33. Kh2 Ra4 34. Rf2 Re4 35. Rc3 Ra4 36. Qc2 Rxa2 37. Rc8+ Rxc8 38. Qxc8+ Kh7 39. Rxa2 Qxa2 40. Qf5+ Kh8 41. e4 Qb2 42. h4 Qc3 43. Qf3 Qb2 44. Qd3 Qa1 45. Qc2 Qd4 46. g4 Qe5+ 47. g3 Qa1 48. Qc8+ Kh7 49. Qf5+ Kh8 50. g5 hxg5 51. hxg5 Qb2+ 52. Kh3 Qa1 53. gxf6 gxf6 54. Qg6 Qb2 55. Kg4 Qc3 56. Kf5 Qc8+ 57. Kxf6 Qc3+ 58. Kf5 Qe5+ 59. Kg4 Qxg3+ 60. Kh5 Qh4+ 61. Kxh4 1/2-1/2